000 00782nam a2200241 u 4500
001 66735
005 20180714074624.0
008 170302s2012 mx a r 000 0 spa d
020 _a9786077661436
041 0 _aspa
082 0 _a808.0681
_bBAR
100 1 _aBaranda, María,
_eautor
245 1 0 _aDiente de león /
_cMaría Baranda ; Isidro R. Esquivel, ilustración.
250 _aPrimera edición
264 1 _aMéxico :
_bEdiciones El Naranjo,
_c2012
300 _a72 páginas :
_bilustraciones (principalmente a color) ;
_c26 cm.
336 _atexto
_2rdacontent
337 _asin mediación
_2rdamedia
338 _avolumen
_2rdacarrier
490 0 _aLuciérnagas
650 4 _aPoesía infantil
_xEspañol
700 1 _aEsquivel, Isidro R.,
_eilustrador
999 _c66735
_d66735